Online Public Access Catalogue

Clinical Microbiology and Infectious Diseases (Record no. 5815)

MARC details
000 -LEADER
fixed length control field 00432nam a2200145Ia 4500
082 ## - DEWEY DECIMAL CLASSIFICATION NUMBER
Classification number QW 4
Author Mark SPI
100 ## - MAIN ENTRY--PERSONAL NAME
Author Name Spicer, W.John
245 #0 - TITLE STATEMENT
Title Clinical Microbiology and Infectious Diseases
Statement of responsibility, etc. Spicer, W.John
250 ## - EDITION STATEMENT
Edition statement 2nd
260 ## - PUBLICATION, DISTRIBUTION, ETC.
Place of publication, distribution, etc. Edinburgh
Name of publisher, distributor, etc. Churchill Livingstone Elsevier
Date of publication, distribution, etc. 2008
300 ## - PHYSICAL DESCRIPTION
No of Pages 251
650 ## - SUBJECT ADDED ENTRY--TOPICAL TERM
Subject 1-Microbiology 2-Infections diseases 3-Becteriology
942 ## - ADDED ENTRY ELEMENTS (KOHA)
Koha item type Books
952 ## - LOCATION AND ITEM INFORMATION (KOHA)
-- 2018-03-16
Holdings
Withdrawn status Lost status Damaged status Not for loan Home library Current library Shelving location Date acquired Total Checkouts Full call number Barcode Date last seen Koha item type
        Islamabad Medical and Dental College Islamabad Medical and Dental College Islamabad Medical and Dental College 16/03/2018   QW 4 7563 16/03/2018 Books

Copyright @ IMDC Library
Islamabad Medical and Dental College
Bhara Kahu, Islamabad

  Contact the Librarian, IMDC
  Email:: library@imdcollege.edu.pk

  OPAC Customized by
  Mazhar Hussain,
  Librarian:
  Islamabad Medical and Dental College
  Email:: library@imdcollege.edu.pk